| 000 | 01570cam a2200265 4500 | ||
|---|---|---|---|
| 001 | ABS64027 | ||
| 008 | 000000n2001 000 0 eng u | ||
| 035 | _a(Sirsi) u112678 | ||
| 100 | _aMorris, H | ||
| 245 | _aLong-haul solution for transport | ||
| 260 | _c2001 | ||
| 490 |
_aPlanning (for the Natural and Built Environment) _v(1418) 11 May 2001, 10(1) |
||
| 520 | _aDiscusses the growing popularity of Transport Development Areas (TDAs), which place quality design, high-density developments near good public transport access points in towns and cities. Suggests that by providing financially sound development opportunities and investment in public transport, TDAs could take on a wider regeneration role applicable to rural and urban areas. TDAs should also be achievable without changes to legislation or guidance, as the approach already fits in with government themes of accessibility, sustainability, improved public transport, and brownfield and mixed-use development. Concludes with RICS suggestions on how to implement TDAs. "Transport Development Areas: Guidance on the introduction of the TDA approach into the planning system" is available from the RICS, tel: 020 7222 7000 | ||
| 590 | _aABS | ||
| 650 | _aRICS | ||
| 650 | _aRURAL AREAS | ||
| 650 | _aSUSTAINABLE DEVELOPMENT | ||
| 650 | _aURBAN REGENERATION | ||
| 650 | _aURBAN PLANNING | ||
| 650 | _aTRANSPORT PLANNING | ||
| 650 | _aPUBLIC TRANSPORT | ||
| 650 | _aTRANSPORT DEVELOPMENT AREAS | ||
| 690 | _aENVIRONMENTAL AND LAND CONSULTANCY-PLANNING AND DEVELOPMENT | ||
| 942 | _n0 | ||
| 999 |
_c67071 _d67071 |
||